[Event "Krefeld- Bielefeld"]
[Site "?"]
[Date "2023.04.16"]
[Round "7.7"]
[White "Winkler, Yonathan"]
[Black "Aengenheister, Dennis"]
[Result "1-0"]
[WhiteElo "1985"]
[BlackElo "1874"]
[Annotator "daniel"]
[PlyCount "147"]
[SourceVersionDate "2023.06.22"]

1. e4 e6 2. d4 d5 3. exd5 exd5 4. Nf3 Bd6 5. c4 c6 6. Bd3 Ne7 7. O-O O-O 8. Re1
Bf5 9. c5 Bc7 10. Rxe7 Bxd3 11. Rxc7 Bxb1 12. Rxb7 Be4 13. Ng5 Bf5 14. Qf3 Bd7
15. Qh5 h6 16. Nf3 Qc8 17. Rb3 Bg4 18. Qh4 Bf5 19. Qg3 Kh8 20. Bf4 Nd7 21. Qh4
f6 22. Qh5 Bc2 23. Rc3 Bh7 24. Re1 Re8 25. Rce3 Re4 26. Nd2 Rxe3 27. Rxe3 Nf8
28. Qf7 Bg6 29. Qc7 Qxc7 30. Bxc7 Re8 31. Rxe8 Bxe8 32. Ba5 Ne6 33. Bc3 Kg8 34.
f3 Nc7 35. g4 g5 36. Kf2 Ne6 37. Kg3 Kf7 38. Nf1 Bd7 39. Kf2 Bc8 $11 40. Ng3
Nf4 41. b3 Kg6 42. Bd2 Ne6 43. Nf5 Bd7 44. b4 Nc7 45. Ng3 Ne8 46. a4 a6 47. Ne2
Ng7 48. Nc3 Ne6 49. Be3 Nc7 50. Kg3 Be8 51. h4 Bd7 52. hxg5 hxg5 53. Ne2 Ne6
54. Nc1 f5 55. gxf5+ Kxf5 56. Nd3 Be8 57. Nf2 Bh5 58. Nd1 Be8 59. Nc3 Nc7 60.
Bg1 Bd7 61. Kf2 Ke6 62. Bh2 Ne8 63. Be5 Bc8 64. b5 cxb5 65. axb5 axb5 66. Nxb5
Nf6 67. Bxf6 Kxf6 68. Na7 Ba6 69. c6 Ke7 70. c7 Kd7 71. c8=Q+ Bxc8 72. Nxc8
Kxc8 73. Kg3 Kd7 74. Kg4 1-0

[Event "Bonn- Letmathe"]
[Site "?"]
[Date "2023.04.16"]
[Round "7.1"]
[White "Haub, Thorsten"]
[Black "Dehmel, Jens"]
[Result "1/2-1/2"]
[WhiteElo "2411"]
[BlackElo "2031"]
[Annotator "daniel"]
[PlyCount "116"]
[SourceVersionDate "2023.06.22"]

1. Nf3 d5 2. g3 Nf6 3. Bg2 Bg4 4. d3 Nbd7 5. h3 Bh5 6. O-O e5 7. Qe1 Bc5 8. e4
dxe4 9. dxe4 O-O 10. b3 Re8 11. Bb2 c6 12. a4 Qc7 13. Nbd2 Rad8 14. Nc4 Bxf3
15. Bxf3 Bd4 16. c3 Bc5 17. b4 Bf8 18. Qe3 b5 19. axb5 cxb5 20. Nd2 Nb6 21.
Rad1 Na4 22. Ba1 Rc8 23. Kg2 a5 24. bxa5 Qxa5 25. Nb3 Qb6 26. Qxb6 Nxb6 27. Nd2
Na4 28. Rc1 Red8 29. Rc2 b4 30. c4 Nd7 31. Bg4 f6 $11 32. Nb3 Ra8 33. Be6+ Kh8
34. Bd5 Ra7 35. f4 Nac5 36. Nxc5 Bxc5 37. Rd1 Rb8 38. Bc6 b3 39. Rcd2 Bd4 40.
Bxd4 exd4 41. Bb5 Nc5 42. Rxd4 Kg8 43. Kf3 b2 44. Rb1 Ra3+ 45. Kf2 Nd3+ 46.
Rxd3 Rxd3 47. Rxb2 Rbd8 48. Bc6 Rd2+ 49. Rxd2 Rxd2+ 50. Ke3 $11 Rg2 51. Kf3 Rc2
52. e5 Rc3+ 53. Kf2 fxe5 54. Bd5+ Kf8 55. fxe5 Ke7 56. h4 g6 57. Bg8 h6 58. Bd5
g5 1/2-1/2

[Event "Bonn- Letmathe"]
[Site "?"]
[Date "2023.04.16"]
[Round "7.2"]
[White "Suppert, Timur"]
[Black "Bosch, Jeroen"]
[Result "1/2-1/2"]
[WhiteElo "2101"]
[BlackElo "2421"]
[PlyCount "85"]
[SourceVersionDate "2023.06.22"]

1. d4 c6 2. Bf4 Qb6 3. Nf3 Qxb2 4. Nbd2 d5 5. e4 Nf6 6. Bd3 Nxe4 7. Nxe4 dxe4
8. Bxe4 Qb4+ 9. Bd2 Qd6 10. c4 g6 11. Qc2 Bg7 12. O-O O-O 13. Rfd1 Nd7 14. Bc3
Nf6 15. Bd3 Bg4 16. Be2 Qc7 17. a4 Rfd8 18. h3 Bf5 19. Qc1 Ne4 20. Bb2 h6 21.
Ra3 h5 22. Bd3 Qd7 23. g4 Bxg4 24. Bxe4 Bxh3 25. Qf4 Bg4 26. Re1 Bxf3 27. Rxf3
Qg4+ 28. Qxg4 hxg4 29. Rd3 f5 30. Bg2 e5 31. Red1 e4 32. Rb3 Rd7 33. d5 Rad8
34. Bxg7 Kxg7 35. d6 c5 36. a5 Kf6 37. Rb5 Rxd6 38. Rxd6+ Rxd6 39. Rxb7 Ra6 40.
Rb5 Rc6 41. Rb7 Ra6 42. Rb5 Rc6 43. Rb7 1/2-1/2

[Event "Bonn- Letmathe"]
[Site "?"]
[Date "2023.04.16"]
[Round "7.3"]
[White "Soukup, Jiri"]
[Black "Limp, Roland"]
[Result "1-0"]
[WhiteElo "2351"]
[BlackElo "1931"]
[PlyCount "57"]
[SourceVersionDate "2023.06.22"]

1. e4 c5 2. a3 g6 3. b4 Bg7 4. c3 d6 5. d4 Nf6 6. f3 O-O 7. Be3 Nfd7 8. h4 cxd4
9. cxd4 e5 10. d5 f5 11. Nc3 Nf6 12. Rc1 fxe4 13. Nxe4 Nxe4 14. fxe4 h6 15. Qd2
Kh7 16. h5 g5 17. Nf3 Bf6 18. Be2 g4 19. Nh2 Bh4+ 20. Kd1 Bd7 21. b5 Rg8 22.
Rf1 Bg5 23. Rf7+ Kh8 24. Nxg4 Qe8 25. Bxg5 Qxf7 26. Bf6+ Rg7 27. Qxh6+ Kg8 28.
Bxg7 Qxg7 29. Nf6+ 1-0

[Event "Bonn- Letmathe"]
[Site "?"]
[Date "2023.04.16"]
[Round "7.4"]
[White "Horstmann, Olaf"]
[Black "Schleining, Zoya"]
[Result "1/2-1/2"]
[WhiteElo "2119"]
[BlackElo "2331"]
[PlyCount "49"]
[SourceVersionDate "2023.06.22"]

1. e4 Nf6 2. d3 c5 3. f4 d5 4. e5 Nfd7 5. Nf3 Nc6 6. g3 e6 7. Bg2 f6 8. exf6
Nxf6 9. O-O Bd6 10. c4 O-O 11. Nc3 a6 12. Re1 d4 13. Ne4 Nxe4 14. Rxe4 Bd7 15.
Ng5 Rf6 16. Re1 Qf8 17. Bd2 Re8 18. Ne4 Rg6 19. Nxd6 Qxd6 20. Be4 Rf6 21. Qh5
g6 22. Qh4 Ref8 23. Re2 Ne7 24. g4 b5 25. b3 1/2-1/2

[Event "Bonn- Letmathe"]
[Site "?"]
[Date "2023.04.16"]
[Round "7.5"]
[White "Mollema, Thomas"]
[Black "Sharma, Vibhor"]
[Result "1-0"]
[WhiteElo "2227"]
[BlackElo "1848"]
[PlyCount "165"]
[SourceVersionDate "2023.06.22"]

1. Nf3 c5 2. c4 Nc6 3. d4 cxd4 4. Nxd4 e6 5. Nc3 Nf6 6. Bf4 Bc5 7. e3 O-O 8.
Be2 Re8 9. Ndb5 d6 10. Bxd6 Bxd6 11. Qxd6 a6 12. Qxd8 Rxd8 13. Na3 Bd7 14.
O-O-O Ne5 15. f3 Rdc8 16. Kb1 Rc7 17. Rd2 Kf8 18. Rc1 Rac8 19. Rdc2 Nc6 20. Nd1
Nb4 21. Rc3 Ke7 22. Nf2 Ne8 23. Nd3 Nxd3 24. Bxd3 Nd6 25. c5 Nb5 26. Bxb5 axb5
27. b4 Ra8 28. Kb2 Bc6 29. Rd1 Rcc8 30. Rcd3 Ra4 31. Nc2 Rca8 32. a3 R4a7 33.
Rd6 h6 34. R1d3 Be8 35. Rb6 Rb8 36. Nd4 Ra6 37. Rxa6 bxa6 38. Nb3 Rd8 39. Rxd8
Kxd8 40. Kc3 Kc7 41. Kd4 f6 42. f4 Bc6 43. e4 Be8 44. Nd2 Kc6 45. Nf3 Bh5 46.
Ke3 Kd7 47. Nd4 Bf7 48. Kf3 Be8 49. Kg4 Bf7 50. f5 e5 51. Ne6 Bxe6 52. fxe6+
Kxe6 53. Kh5 f5 54. exf5+ Kxf5 55. Kh4 e4 56. Kg3 Ke5 57. Kf2 Kd5 58. Ke3 Ke5
59. c6 Kd6 60. Kxe4 Kxc6 61. Ke5 h5 62. Ke6 Kb6 63. Kf7 a5 64. Kxg7 axb4 65.
axb4 Kc6 66. Kg6 h4 67. g4 hxg3 68. hxg3 Kd5 69. Kf5 Kc4 70. g4 Kxb4 71. g5 Kc3
72. g6 b4 73. g7 b3 74. g8=Q b2 75. Qa2 Kc2 76. Qc4+ Kd2 77. Qb3 Kc1 78. Qc3+
Kb1 79. Ke4 Ka2 80. Qc2 Ka1 81. Qa4+ Kb1 82. Kd3 Kc1 83. Qc2# 1-0

[Event "Bonn- Letmathe"]
[Site "?"]
[Date "2023.04.16"]
[Round "7.6"]
[White "Wahl, Felix"]
[Black "Gruermann, Martin"]
[Result "1/2-1/2"]
[WhiteElo "2081"]
[BlackElo "2227"]
[PlyCount "152"]
[SourceVersionDate "2023.06.22"]

1. e4 c5 2. Nf3 Nf6 3. e5 Nd5 4. Nc3 e6 5. Nxd5 exd5 6. d4 Nc6 7. c3 cxd4 8.
cxd4 d6 9. Be2 Bg4 10. O-O Be7 11. Bf4 O-O 12. exd6 Bxd6 13. Qd2 Re8 14. Be3
Bc7 15. h3 Bh5 16. Rac1 Qd6 17. Rfd1 Re6 18. g4 Bg6 19. Qc3 Rae8 20. Qc5 Qd8
21. Ne5 Bb6 22. Nxc6 bxc6 23. Qc3 Qh4 24. Bf1 h5 25. Bf4 hxg4 26. Qg3 Qxg3+ 27.
Bxg3 Bf5 28. hxg4 Bxg4 29. Rd2 g5 30. b3 Bf3 31. Bh3 Re1+ 32. Rxe1 Rxe1+ 33.
Bf1 Rc1 34. Bd6 f6 35. a4 Ra1 36. Bb4 a5 37. Bc3 Rc1 38. Bb2 Rb1 39. Rc2 Bd8
40. Bc1 Rxb3 41. Rxc6 Kf7 42. Bg2 Bxg2 43. Kxg2 Be7 44. Bd2 Bb4 45. Bxb4 Rxb4
46. Rc5 Rxd4 47. Rxa5 Ke6 48. Kf3 Ke5 49. Ra8 Rd3+ 50. Ke2 Ra3 51. a5 Kf4 52.
a6 f5 53. a7 g4 54. Rd8 Ra2+ 55. Ke1 Rxa7 56. Rxd5 Ke4 57. Rb5 f4 58. Kf1 f3
59. Rb1 Kf4 60. Rb4+ Kg5 61. Kg1 Ra2 62. Rb8 Ra1+ 63. Kh2 Rf1 64. Rb2 Kf5 65.
Ra2 Ke4 66. Rd2 Re1 67. Rd8 g3+ 68. Kxg3 Rg1+ 69. Kh3 Rg2 70. Rd2 Rg7 71. Ra2
Kd3 72. Kh2 Rg6 73. Kh3 Rg2 74. Kh4 Rg1 75. Kh3 Rg8 76. Kh2 Rg2+ 1/2-1/2

[Event "Bonn- Letmathe"]
[Site "?"]
[Date "2023.04.16"]
[Round "7.7"]
[White "Pfleger, Sascha"]
[Black "Hoefer, Severin"]
[Result "1-0"]
[WhiteElo "2015"]
[BlackElo "1919"]
[PlyCount "65"]
[SourceVersionDate "2023.06.22"]

1. e4 c5 2. Nf3 e6 3. d3 d5 4. Nbd2 Nc6 5. g3 Nf6 6. Bg2 Be7 7. O-O dxe4 8.
dxe4 e5 9. c3 O-O 10. Qc2 Qc7 11. Nc4 Be6 12. Ne3 h6 13. Nh4 Rfd8 14. Nhf5 c4
15. Nxe7+ Nxe7 16. b3 Qc5 17. bxc4 Bxc4 18. Nxc4 Qxc4 19. Ba3 Nc6 20. Rac1 Rac8
21. Rfe1 Qa6 22. Qb2 Na5 23. Be7 Nc4 24. Qb4 Rd2 25. a3 Rc6 26. Bf1 Ng4 27. Bc5
b6 28. Bxc4 bxc5 29. Qb8+ Rc8 30. Bxa6 Rxb8 31. Re2 Rbb2 32. Rce1 Nxf2 33. Kxf2
1-0

[Event "Bonn- Letmathe"]
[Site "?"]
[Date "2023.04.16"]
[Round "7.8"]
[White "Weber, Meikel"]
[Black "Hunold, Rolf"]
[Result "1-0"]
[WhiteElo "1919"]
[BlackElo "2011"]
[PlyCount "35"]
[SourceVersionDate "2023.06.22"]

1. e4 c5 2. Nf3 e6 3. d4 cxd4 4. Nxd4 a6 5. Nc3 Qc7 6. Be2 Nf6 7. a3 Be7 8. Be3
d6 9. f4 h5 10. Bf3 Nbd7 11. Qe2 Rb8 12. O-O-O Nb6 13. e5 dxe5 14. Ndb5 axb5
15. Nxb5 Qc4 16. Bxb6 Qxe2 17. Bxe2 exf4 18. Ba7 1-0

[Event "Porz 3- Katernberg 2"]
[Site "?"]
[Date "2023.04.16"]
[Round "7.1"]
[White "Gassmann, Volker"]
[Black "Gallinnis, Norbert"]
[Result "0-1"]
[WhiteElo "2158"]
[BlackElo "2143"]
[PlyCount "142"]
[SourceVersionDate "2023.06.22"]

1. d4 b6 2. Nf3 Bb7 3. e3 Nf6 4. Bd3 g5 5. b3 g4 6. Nh4 Bh6 7. h3 Rg8 8. hxg4
Rxg4 9. f3 Rg8 10. e4 Bxc1 11. Qxc1 d6 12. Qd2 Nc6 13. c3 Qd7 14. a4 Na5 15.
Qa2 Qe6 16. b4 Nb3 17. Kf2 Nxa1 18. Qxa1 c5 19. Nd2 cxd4 20. cxd4 Rc8 21. Nf5
Qd7 22. d5 Qc7 23. Nc4 Rg6 24. g4 h6 25. Nh4 Rg5 26. Nf5 Rxf5 27. gxf5 h5 28.
Rxh5 Nxh5 29. Qh8+ Kd7 30. Qxh5 Rf8 31. Qh6 Qd8 32. Qg7 f6 33. Ne3 Rg8 34. Qf7
Qf8 35. Qh5 Qg7 36. Qh2 Rh8 37. Qg2 Qh6 38. Bb5+ Kc7 39. Nf1 a5 40. bxa5 bxa5
41. Ke2 Qg5 42. Qf2 Qc1 43. Qg1 Qb2+ 44. Nd2 Kb8 45. Kd3 Rc8 46. Qb6 Qc3+ 47.
Ke2 Rh8 48. Qg1 Ka8 49. Nc4 Qc2+ 50. Nd2 Qc7 51. Nc4 Kb8 52. Kd3 Bc8 53. Qb1
Ka7 54. Qg1+ Ka8 55. Qe1 Rh3 56. Ke2 Rh2+ 57. Kd3 Rh3 58. Ke3 Qc5+ 59. Kf4 Kb8
60. Nxa5 Bb7 61. Nc4 Bxd5 62. Kg4 Rh8 63. exd5 Qd4+ 64. f4 Rg8+ 65. Kf3 Qxd5+
66. Kf2 Rg2+ 67. Ke3 e5 68. fxe5 dxe5 69. Ba6 Qd4+ 70. Kf3 Qg4+ 71. Ke3 Qf4+
0-1

[Event "Porz 3- Katernberg 2"]
[Site "?"]
[Date "2023.04.16"]
[Round "7.2"]
[White "Finke, Kai"]
[Black "Villwock, Martin"]
[Result "0-1"]
[WhiteElo "2120"]
[BlackElo "2107"]
[PlyCount "60"]
[SourceVersionDate "2023.06.22"]

1. d4 Nf6 2. c4 e6 3. Nf3 c5 4. Nc3 cxd4 5. Nxd4 Nc6 6. e4 Bb4 7. Qd3 O-O 8.
Bd2 d5 9. cxd5 exd5 10. Nxc6 bxc6 11. exd5 a5 12. dxc6 Re8+ 13. Be3 Qe7 14.
O-O-O Bg4 15. f3 Bh5 16. Bd4 Rad8 17. Qc4 Bxc3 18. Qxc3 Nd5 19. Qc5 Qg5+ 20.
Kb1 Bg6+ 21. Bd3 Bxd3+ 22. Rxd3 Qg6 23. Rhd1 Nb4 24. c7 Nxd3 25. Qc2 Nb4 26.
Qxg6 Rxd4 27. Rc1 fxg6 28. c8=Q Rxc8 29. Rxc8+ Kf7 30. b3 Rd1+ 0-1

[Event "Porz 3- Katernberg 2"]
[Site "?"]
[Date "2023.04.16"]
[Round "7.3"]
[White "Scheck, Kyrill"]
[Black "Wagenknecht, Uwe"]
[Result "1-0"]
[WhiteElo "2163"]
[BlackElo "2125"]
[PlyCount "57"]
[SourceVersionDate "2023.06.22"]

1. e4 c5 2. Nf3 Nc6 3. Bb5 g6 4. Bxc6 dxc6 5. d3 Bg7 6. h3 e5 7. Be3 b6 8. a4
a5 9. Na3 Qc7 10. Nc4 Nf6 11. b4 axb4 12. a5 Nd7 13. axb6 Qb8 14. Nfd2 Ba6 15.
Nb3 Bf8 16. O-O Be7 17. Ra5 Bxc4 18. Rxa8 Qxa8 19. dxc4 Qb8 20. Qa1 Nxb6 21.
Qa6 O-O 22. Nxc5 Rd8 23. Nd3 c5 24. Nxc5 Rc8 25. Qb5 Nxc4 26. Qxc4 Qc7 27. Rd1
Bxc5 28. Bxc5 Qxc5 29. Rd8+ 1-0

[Event "Porz 3- Katernberg 2"]
[Site "?"]
[Date "2023.04.16"]
[Round "7.4"]
[White "Slowik, Martin"]
[Black "Irkilmez, Yakub"]
[Result "1/2-1/2"]
[WhiteElo "2112"]
[BlackElo "1936"]
[PlyCount "77"]
[SourceVersionDate "2023.06.22"]

1. e4 d6 2. d4 Nd7 3. Nc3 Ngf6 4. f4 e5 5. Nf3 exd4 6. Qxd4 c6 7. Be3 d5 8. e5
Ng4 9. Bg1 Bc5 10. Qd2 Nh6 11. O-O-O Nf5 12. g4 Nh4 13. Nd4 Bxd4 14. Qxd4 Nf3
15. Qf2 Nxg1 16. Rxg1 Qb6 17. Qg3 Nc5 18. Be2 Bd7 19. Qh4 d4 20. Rxd4 Nb3+ 21.
axb3 Qxd4 22. Rf1 h6 23. Bd3 g5 24. fxg5 O-O-O 25. gxh6 Qe3+ 26. Kb1 Rxh6 27.
Qe7 Re8 28. Qxf7 Rxe5 29. Ne4 Rd5 30. g5 Rxh2 31. Qe7 Kc7 32. g6 Rg2 33. Qf6
Rg1 34. b4 Rxd3 35. Qe5+ Kc8 36. Qh8+ Kc7 37. Qe5+ Kd8 38. Qf6+ Kc7 39. Qe5+
1/2-1/2

[Event "Porz 3- Katernberg 2"]
[Site "?"]
[Date "2023.04.16"]
[Round "7.5"]
[White "Dahm, Bernd"]
[Black "Thiemonds, Uli"]
[Result "1/2-1/2"]
[WhiteElo "2122"]
[BlackElo "2066"]
[PlyCount "93"]
[SourceVersionDate "2023.06.22"]

1. d4 e6 2. Nf3 f5 3. g3 d5 4. Bg2 Nf6 5. O-O Bd6 6. b3 Qe7 7. c4 c6 8. Ne5 O-O
9. Nd2 Nbd7 10. Ndf3 Ne4 11. Bf4 Ndf6 12. Nd3 Bd7 13. Bxd6 Qxd6 14. c5 Qe7 15.
Nfe5 Be8 16. f3 Ng5 17. Qd2 Nf7 18. b4 Nxe5 19. Nxe5 Nd7 20. Qe3 g5 21. f4 g4
22. Rfb1 a6 23. a4 Qg7 24. Nd3 Qf7 25. Ne5 Qg7 26. Nd3 Qf7 27. Qd2 Qg7 28. e3
h5 29. Bf1 Nf6 30. Ne5 Ne4 31. Qg2 h4 32. Bd3 h3 33. Qc2 Nf6 34. Qe2 Nd7 35. b5
Nxe5 36. fxe5 axb5 37. axb5 Bd7 38. b6 Qg5 39. Ra7 Rab8 40. Rba1 Kg7 41. Qf2
Kh6 42. R1a3 Kg6 43. Ba6 Bc8 44. Bf1 Bd7 45. Qa2 Kh6 46. Qf2 Kg6 47. Qf4
1/2-1/2

[Event "Porz 3- Katernberg 2"]
[Site "?"]
[Date "2023.04.16"]
[Round "7.6"]
[White "Paulus, Jeffrey"]
[Black "Dette, Jan"]
[Result "0-1"]
[WhiteElo "1978"]
[BlackElo "2035"]
[Annotator "daniel"]
[PlyCount "144"]
[SourceVersionDate "2023.06.22"]

1. Nf3 d5 2. g3 g6 3. Bg2 Bg7 4. O-O e5 5. d3 Nc6 6. c3 a5 7. Nbd2 Nge7 8. e4
O-O 9. Qe2 h6 10. h4 Bg4 11. Re1 d4 12. Nf1 a4 13. N1h2 Be6 14. cxd4 Nxd4 15.
Nxd4 Qxd4 16. Be3 Qd7 17. h5 $11 Nc6 18. Qd2 g5 19. Nf3 Bg4 20. Kh2 Rfd8 21.
Rad1 Ra6 22. Qc3 Nd4 23. Bxd4 exd4 24. Qc5 Rc6 25. Qa5 Ra6 26. Qc5 Rc6 27. Qa5
Rc2 28. Rd2 b6 29. Qa6 Qc6 30. Rde2 Rc5 31. b4 axb3 32. Qa3 bxa2 33. Qxa2 Bxh5
34. Rd2 Ra5 35. Qb1 Qb5 36. Rb2 Qa4 37. Rc1 Qd7 38. Nd2 Bg4 39. Nc4 Rc5 40. Re1
Be6 41. Nd2 Qa4 42. Bf1 Ra8 43. Kg1 Raa5 44. Rb4 Qc2 45. Nf3 Ra2 46. Re2 Qxb1
47. Rxb1 Ra4 48. Reb2 Rc3 49. Re1 Bd7 50. Reb1 b5 51. Be2 c5 52. Nd2 Ra7 53.
Re1 Rca3 54. Rc1 c4 55. Nb1 c3 56. Rb4 R3a4 57. Rb3 b4 58. Bd1 Bf8 59. f4 gxf4
60. gxf4 f5 61. Kf2 Ra2+ 62. Kf3 Be6 63. exf5 Bxf5 64. Be2 Be6 65. Bd1 Bd5+ 66.
Kg4 Kg7 67. Kf5 Bd6 68. Nxc3 bxc3 69. Rbb1 Rg2 70. Bh5 Ra8 71. Rg1 Rf8+ 72. Bf7
Rxf7# 0-1

[Event "Porz 3- Katernberg 2"]
[Site "?"]
[Date "2023.04.16"]
[Round "7.7"]
[White "Gorainow, Nikita"]
[Black "Wegener, Marcus"]
[Result "1-0"]
[WhiteElo "2000"]
[BlackElo "1999"]
[PlyCount "97"]
[SourceVersionDate "2023.06.22"]

1. e4 c5 2. Nf3 Nc6 3. d4 cxd4 4. Nxd4 Nf6 5. Nc3 e5 6. Ndb5 d6 7. Bg5 a6 8.
Na3 b5 9. Bxf6 gxf6 10. Nd5 f5 11. g3 fxe4 12. Bg2 Be6 13. Bxe4 Rc8 14. O-O Bg7
15. Qh5 Ne7 16. Nxe7 Qxe7 17. Rad1 b4 18. Nb1 Rc5 19. c3 a5 20. a3 bxa3 21.
Nxa3 d5 22. b4 Rxc3 23. Nb5 axb4 24. Nxc3 dxe4 25. Nxe4 O-O 26. Rb1 Bc4 27.
Rfd1 Ba2 28. Rb2 b3 29. g4 Rd8 30. g5 Rd4 31. Qg4 Rxd1+ 32. Qxd1 f5 33. gxf6
Bxf6 34. Qg4+ Bg7 35. Rd2 Bb1 36. Rd7 Qf8 37. Qe6+ Kh8 38. Ng5 Bg6 39. Qxb3 Bf6
40. Nf7+ Bxf7 41. Rxf7 Qg8+ 42. Kf1 Bg7 43. Qe6 h6 44. Qg6 Qh7 45. Qg4 Qd3+ 46.
Kg1 Qh7 47. Rc7 Qg8 48. Kf1 Bf8 49. Qf5 1-0

[Event "Niederkassel- Bergneustadt"]
[Site "?"]
[Date "2023.04.23"]
[Round "7.1"]
[White "Stuemer, Paul"]
[Black "Stanetzek, Carsten"]
[Result "1/2-1/2"]
[WhiteElo "2017"]
[BlackElo "2160"]
[PlyCount "59"]
[SourceVersionDate "2023.06.22"]

1. Nf3 d5 2. e3 Nf6 3. c4 c6 4. Nc3 a6 5. b3 Bg4 6. Be2 Nbd7 7. h3 Bxf3 8. Bxf3
Ne5 9. O-O e6 10. d4 Nxf3+ 11. Qxf3 Bb4 12. Bb2 O-O 13. Rfd1 b5 14. a3 Be7 15.
cxd5 cxd5 16. e4 dxe4 17. Nxe4 Nxe4 18. Qxe4 Bf6 19. Rac1 Qd7 20. Rc6 Rfd8 21.
Rdc1 h6 22. Rc7 Qd5 23. Qxd5 Rxd5 24. Rb7 Bxd4 25. Bxd4 Rxd4 26. Rcc7 Rf4 27.
Ra7 Rd8 28. Rd7 Rc8 29. Rdc7 Rd8 30. Rd7 1/2-1/2

[Event "Niederkassel- Bergneustadt"]
[Site "?"]
[Date "2023.04.23"]
[Round "7.2"]
[White "Kneutgen, Alexander"]
[Black "Wang, Andre"]
[Result "1/2-1/2"]
[WhiteElo "2018"]
[BlackElo "1982"]
[Annotator "daniel"]
[PlyCount "119"]
[SourceVersionDate "2023.06.22"]

1. Nf3 d5 2. g3 Nf6 3. Bg2 c5 4. O-O Nc6 5. d4 e6 6. c4 cxd4 7. Nxd4 Be7 8. Nc3
O-O 9. cxd5 exd5 10. Bf4 a6 11. Rc1 Qb6 12. Nxc6 bxc6 13. Na4 Qb5 14. Qc2 g6
15. Nc3 Qa5 16. Qa4 Qb6 17. e4 Be6 18. Be5 Rfd8 19. exd5 cxd5 20. Qd4 Qxd4 21.
Bxd4 Rab8 22. a3 Ne4 23. Rfd1 Bf6 24. Nxe4 Bxd4 25. Rxd4 dxe4 26. Rxd8+ Rxd8
27. Bxe4 Rd4 28. Bb7 a5 $11 29. Kg2 Rd2 30. Rc5 Rxb2 31. Bd5 Bxd5+ 32. Rxd5 a4
33. Rd4 Ra2 34. Rxa4 Kg7 35. g4 Kf6 36. Kg3 h5 37. Ra6+ Kg7 38. g5 Rb2 39. h4
Rb3+ 40. f3 Rc3 41. a4 Rc1 42. Rb6 Rg1+ 43. Kf2 Ra1 44. Rb4 Ra3 45. Ke2 f6 46.
Rf4 fxg5 47. hxg5 Ra2+ 48. Kf1 Rb2 49. Re4 Kf7 50. Re2 Rb1+ 51. Kf2 Ra1 52. Re4
Ra2+ 53. Kg3 Ra3 54. Kf4 Rc3 55. Rb4 Ra3 56. Ke4 Ke6 57. Rb6+ Kf7 58. Ke5 Rxa4
59. Rb7+ Kf8 60. Rb8+ 1/2-1/2

[Event "Niederkassel- Bergneustadt"]
[Site "?"]
[Date "2023.04.23"]
[Round "7.4"]
[White "Konzen, Horst"]
[Black "Kiparski, Ekkehard"]
[Result "1-0"]
[WhiteElo "2007"]
[BlackElo "1973"]
[PlyCount "139"]
[SourceVersionDate "2023.06.22"]

1. d4 d5 2. c4 e6 3. Nc3 Nf6 4. cxd5 exd5 5. Bg5 Be7 6. e3 h6 7. Bh4 O-O 8. Bd3
Be6 9. Nge2 c6 10. Qc2 Re8 11. f3 Nbd7 12. O-O Nf8 13. a3 a5 14. Kh1 Rc8 15.
Rad1 Qc7 16. Bg3 Bd6 17. Qd2 Rcd8 18. Bb1 Bxg3 19. Nxg3 Bc8 20. Qf2 Re7 21. h3
Ne8 22. e4 dxe4 23. fxe4 Nd6 24. e5 Nc4 25. Bf5 Be6 26. Na4 Bd5 27. Bb1 b6 28.
Nf5 Re6 29. Nc3 f6 30. Nxd5 cxd5 31. b3 Nxa3 32. Rc1 Qd7 33. Bd3 fxe5 34. dxe5
b5 35. Nd4 Rxe5 36. Nc6 Ree8 37. Nxd8 Rxd8 38. Bf5 Qe7 39. Qb6 Rd6 40. Qxa5 Rf6
41. Ra1 Qe5 42. Qxa3 Rxf5 43. Rxf5 Qxf5 44. Qa8 Qd3 45. b4 Kf7 46. Qa7+ Kg6 47.
Qe7 Nh7 48. Qe8+ Kg5 49. Qe5+ Kg6 50. Qe8+ Kg5 51. Re1 Nf6 52. Qf7 Ne4 53.
Qxg7+ Kf4 54. Qxh6+ Ke5 55. Qg7+ Kd6 56. Kh2 Qc3 57. Qg6+ Qf6 58. Qxf6+ Nxf6
59. Kg3 d4 60. Kf3 Kd5 61. Rc1 Ne4 62. Ke2 Nd6 63. Kd3 Nc4 64. Re1 Nb2+ 65. Kc2
Na4 66. Kb3 d3 67. h4 Kd4 68. h5 Nc3 69. h6 d2 70. Rh1 1-0

[Event "Niederkassel- Bergneustadt"]
[Site "?"]
[Date "2023.04.23"]
[Round "7.6"]
[White "Kuhn, Andreas"]
[Black "Chlechowitz, Maximilian"]
[Result "1/2-1/2"]
[WhiteElo "1837"]
[BlackElo "1698"]
[PlyCount "90"]
[SourceVersionDate "2023.06.22"]

1. d4 d6 2. Nf3 Nf6 3. c4 Nbd7 4. Nc3 e5 5. g3 c6 6. e4 Be7 7. Bg2 Qc7 8. O-O
O-O 9. h3 Ne8 10. Re1 a6 11. a4 b6 12. d5 c5 13. Qc2 g6 14. Bh6 Ng7 15. g4 Nb8
16. Nd2 a5 17. f4 Nd7 18. f5 Qd8 19. Be3 Ba6 20. b3 Bg5 21. Bf2 h5 22. Nf3 Bf4
23. Ne2 g5 24. Nxf4 exf4 25. e5 Nxe5 26. Nxe5 dxe5 27. Rxe5 hxg4 28. hxg4 Qf6
29. Rae1 Rae8 30. Qc3 Rxe5 31. Qxe5 Qxe5 32. Rxe5 Re8 33. Re1 Kf8 34. Kf1 Bc8
35. Be4 Ke7 36. Re2 f6 37. Be1 Rh8 38. Bc3 Ne8 39. Bg2+ Kf7 40. Kg1 Nd6 41. Bf3
Bd7 42. Rh2 Rxh2 43. Kxh2 Ne8 44. Kg2 Ke7 45. Kf2 Nd6 1/2-1/2

[Event "Niederkassel- Bergneustadt"]
[Site "?"]
[Date "2023.04.23"]
[Round "7.7"]
[White "Sailer, Hans- Peter"]
[Black "Neu, Martin"]
[Result "1/2-1/2"]
[WhiteElo "1905"]
[BlackElo "1704"]
[PlyCount "98"]
[SourceVersionDate "2023.06.22"]

1. e4 c5 2. Nf3 e6 3. d4 cxd4 4. Nxd4 a6 5. Nc3 Nc6 6. a3 Nf6 7. Nxc6 bxc6 8.
e5 Nd5 9. Qf3 Qc7 10. Qg3 f6 11. Nxd5 cxd5 12. exf6 Qxg3 13. hxg3 gxf6 14. Bd3
Kf7 15. Be3 Rb8 16. b4 Bg7 17. Bh6 Bb7 18. f3 d4 19. Kf2 Rbc8 20. g4 Bd5 21. a4
Bc4 22. Ke2 Bxd3+ 23. Kxd3 Rc3+ 24. Kd2 Rhc8 25. Ra2 d5 26. Bxg7 Kxg7 27. b5
Rb8 28. bxa6 Rb6 29. a7 Ra6 30. a5 Rxa7 31. a6 Rc6 32. Rha1 Kf7 33. Ra5 Rd6 34.
R1a4 e5 35. Kd3 Ke6 36. Ra3 Rc6 37. R5a4 f5 38. gxf5+ Kxf5 39. Ra5 Rd6 40. R3a4
h5 41. c3 dxc3 42. Kxc3 d4+ 43. Kd3 h4 44. Ra1 Kf4 45. Re1 Kg3 46. Rexe5 Kxg2
47. Rh5 h3 48. Rag5+ Kf2 49. Rb5 Raxa6 1/2-1/2

[Event "Godesberg 2- Schalksmühle"]
[Site "?"]
[Date "2023.04.23"]
[Round "7.1"]
[White "Browning, Alex"]
[Black "Mantau, Jan"]
[Result "0-1"]
[WhiteElo "2352"]
[BlackElo "2158"]
[PlyCount "122"]
[SourceVersionDate "2023.06.22"]

1. e4 c5 2. Nf3 d6 3. d4 cxd4 4. Nxd4 Nf6 5. Nc3 e6 6. g4 h6 7. h3 a6 8. Bg2
Qc7 9. O-O Nc6 10. Nde2 Be7 11. f4 Bd7 12. Be3 b5 13. Ng3 Rc8 14. Qf3 Nh7 15.
Rae1 O-O 16. Qf2 Bh4 17. Rd1 Na5 18. Nce2 Nc4 19. Bc1 Bc6 20. b3 Na5 21. Qd4
Nb7 22. Nh5 e5 23. Qe3 g6 24. Nhg3 g5 25. fxe5 Bxg3 26. Nxg3 dxe5 27. Nf5 f6
28. Nxh6+ Kh8 29. Ba3 Rfd8 30. Qf2 Be8 31. Rxd8 Nxd8 32. Rd1 Ne6 33. c4 bxc4
34. bxc4 Rd8 35. Rxd8 Qxd8 36. Bf1 Qd1 37. Qe2 Qd4+ 38. Qf2 Qxe4 39. Nf5 Bc6
40. Ng3 Qb1 41. Qf5 Qe1 42. Qf2 Qa5 43. Qb2 Nhf8 44. Be7 Nd7 45. Nh5 Nd4 46.
Kf2 Nf3 47. Qe2 Qb6+ 48. Qe3 Qb2+ 49. Be2 e4 50. Qa7 Qc1 51. Bxf6+ Kg8 52. Bxf3
exf3 53. Qe3 Qc2+ 54. Kf1 Qd1+ 55. Qe1 Qd3+ 56. Kf2 Nc5 57. Ng3 Qc2+ 58. Ke3 f2
59. Qc3 Qd1 60. Qd4 Qe1+ 61. Ne2 f1=N# 0-1

[Event "Godesberg 2- Schalksmühle"]
[Site "?"]
[Date "2023.04.23"]
[Round "7.2"]
[White "Mittmann, Johannes"]
[Black "Jansen, Dirk"]
[Result "0-1"]
[WhiteElo "2095"]
[BlackElo "2091"]
[PlyCount "66"]
[SourceVersionDate "2023.06.22"]

1. e4 c5 2. Nf3 d6 3. d4 cxd4 4. Nxd4 Nf6 5. Nc3 a6 6. Bg5 e6 7. f4 Nbd7 8. Qe2
Qc7 9. O-O-O b5 10. g4 b4 11. Nd5 exd5 12. exd5+ Be7 13. Nc6 Nb8 14. Re1 Nxc6
15. dxc6 Bxg4 16. Qg2 Bf5 17. Bxf6 gxf6 18. Rg1 Rf8 19. Bc4 d5 20. Qxd5 Be6 21.
Rxe6 fxe6 22. Qh5+ Kd8 23. Bxe6 Qxf4+ 24. Kb1 Qe5 25. Rd1+ Kc7 26. Rd7+ Kb6 27.
Bf5 Rad8 28. Rb7+ Kxc6 29. Qf3+ Rd5 30. Rxe7 Qxe7 31. Be4 Kc7 32. Qg3+ Re5 33.
a3 bxa3 0-1

[Event "Godesberg 2- Schalksmühle"]
[Site "?"]
[Date "2023.04.23"]
[Round "7.3"]
[White "Browning, Rebecca"]
[Black "Stenzel, Thomas"]
[Result "0-1"]
[WhiteElo "1898"]
[BlackElo "2168"]
[PlyCount "62"]
[SourceVersionDate "2023.06.22"]

1. e4 e6 2. Nf3 d5 3. e5 c5 4. b4 cxb4 5. a3 Nc6 6. axb4 Bxb4 7. c3 Be7 8. d4
a6 9. Bd3 Bd7 10. O-O Rc8 11. Ne1 Na5 12. f4 g6 13. Nf3 Nc4 14. Qe2 Bb5 15. g4
Qd7 16. f5 exf5 17. gxf5 gxf5 18. Ng5 Bxg5 19. Bxg5 Ne7 20. Qh5 Rg8 21. Kf2 Nb2
22. Bxb5 Qxb5 23. e6 Nd3+ 24. Ke3 Rg6 25. exf7+ Kf8 26. Bxe7+ Kxe7 27. Na3 Re6+
28. Kf3 Qb2 29. Qxh7 Qe2+ 30. Kg3 Re3+ 31. Kh4 Qxh2+ 0-1